| 000 | 00948nam a22002297a 4500 | ||
|---|---|---|---|
| 999 |
_c7879 _d7879 |
||
| 003 | AR-CdUCM | ||
| 008 | 190321b ||||| |||| 00| 0 spa d | ||
| 040 |
_aMUNICIPALIDAD PROVINCIAL DEL CUSCO _cBIBLIOTECA MUNICIPAL DEL CUSCO |
||
| 082 |
_a658.022 / _bB36 |
||
| 100 |
_aBeizaga Ramírez, Walter Claudio _922278 |
||
| 245 | _aHerramientas de gestión empresarial para MyPEs / | ||
| 260 |
_aCusco : _bInstituto de Investigación en Ciencias Económicas, _c2011. |
||
| 300 |
_a104 páginas ; _btablas, ilustraciones, _c20 cm. |
||
| 505 | _aContenido: Calidad total querer es poder -- Los registros básicos de control -- Los estados financieros -- Cálculo de costos -- Mercadeo -- Ventas al crédito. | ||
| 650 |
_aPequeñas y medianas empresas _922279 |
||
| 650 |
_aFinanzas _94496 |
||
| 650 |
_aMercadeo _922280 |
||
| 650 |
_aAdministración _94472 |
||
| 710 |
_aColegio de Economistas de Cusco. _922281 |
||
| 942 |
_2ddc _cLIBROS |
||
| 945 | _aachl | ||